00253nam a22000857a 4500008004100000020001500041041000800056080001000064245009300074160519b xxu||||| |||| 00| 0 eng d a0801658853 aeng a618.2 aPrinciples and practice of psychiatric nursing:cGail Wiscarz Stuart; Sandra J. Sundeen;